5 plus grandes villes : Brésil - Statistiques

Statistiques générales
  • Ce quiz a été pris 562 fois
  • Le résultat moyen est 3 sur 5
Statistiques - réponses
Classement Ville au Brésil % Correct
2 Rio de Janeiro
100%
1 São Paulo
93%
4 Belo Horizonte
53%
3 Salvador de Bahia
39%
5 Fortaleza
36%
Aucun quiz correspondant
Distribution des résultats
% des personnes avec chaque résultat
Percentile par nombre de réponses
Votre historique - résultats
Vous n’avez pas pris ce quiz